[Event "Summer Chess Classic-B 2019"]
[Site "Saint Louis"]
[Date "2019.06.18"]
[Round "1.1"]
[White "Sevian, Samuel"]
[Black "Fridman, Daniel"]
[Result "1/2-1/2"]
[WhiteElo "2677"]
[BlackElo "2644"]
[Annotator "TA"]
[PlyCount "108"]
[EventDate "2019.06.18"]
[EventType "tourn"]
[EventCountry "USA"]
[SourceTitle "playchess.com"]
[Source "ChessBase"]
[SourceQuality "1"]

{[%evp 13,108,17,27,14,29,18,11,0,8,2,37,49,26,8,27,28,60,38,71,41,53,47,61,55,66,64,91,83,124,124,110,115,128,127,127,127,129,122,133,127,139,134,170,168,195,177,172,118,98,109,174,93,89,110,133,0,190,174,187,187,205,203,222,203,372,378,371,359,352,342,468,458,411,302,495,493,476,478,1790,1743,1631,1595,1275,0,0,0,0,0,0,0,0,0,0,0,0,0,0]} 1. e4 e5 2. Nf3 Nf6 3. Nxe5 d6 4. Nf3 Nxe4 5. Nc3 Nxc3 6. dxc3 Be7 7. Be3 O-O 8. Qd2 {C42: Petroff Defence: 3 Nxe5 and unusual White 3rd moves} Nd7 9. O-O-O Nf6 10. h4 (10. Bd3 d5 11. Rhe1 Bg4 12. Bg5 Ne4 13. Bxe4 dxe4 14. Bxe7 Qxe7 15. Qf4 f5 {½-½ (78) Nepomniachtchi,I (2773)-Wei,Y (2736) Abidjan 2019}) 10... Re8 11. Bd3 Bf8 $146 ({Predecessor:} 11... d5 12. Ng5 h6 13. f3 c5 14. g4 Qa5 15. Kb1 c4 {0-1 (29) Borisek,J (2578)-Bogner,S (2619) Batumi 2018}) 12. Ng5 h6 13. f3 c5 ({Avoid the trap} 13... hxg5 $2 14. hxg5 Be7 15. g4 $18 (15. gxf6 Bxf6 16. g4 Bxg4 $18)) 14. g4 Qa5 15. Kb1 $1 b5 (15... hxg5 $2 16. hxg5 Nh5 17. Qh2 $18) 16. Ne4 Nxe4 17. Bxe4 Be6 18. c4 $36 {[%mdl 2048] Black is under pressure.} Qxd2 19. Bxd2 Rac8 20. cxb5 d5 21. Bd3 c4 22. Bf5 a6 23. bxa6 Ra8 24. Bc3 Rxa6 25. h5 Rb8 26. Rhe1 Ba3 27. b3 Bc5 28. f4 Rba8 29. a4 Rb8 30. Be5 (30. Bxe6 $18 fxe6 31. Ka2) 30... Rb7 $16 31. Ka2 Bb4 (31... Rab6 $16 {keeps fighting.}) 32. Re2 (32. Bxe6 $18 Rxe6 33. f5 cxb3+ 34. cxb3) 32... d4 33. Bxe6 ({Not} 33. Bxd4 cxb3+ 34. Kb2 bxc2 $15) 33... Rxe6 34. Rxd4 (34. f5 $1 $16 {[%cal Rf5e6]} d3 35. cxd3 cxb3+ 36. Kb1) 34... f6 $2 (34... cxb3+ $1 $11 {and Black is okay.} 35. cxb3 f6) 35. Rxc4 $18 fxe5 36. Rxe5 Rxe5 37. fxe5 {[%mdl 4096] Endgame KRB-KR} Kf7 {[#]} 38. c3 $1 {[%cal Rc3b4]} Ba5 $2 (38... Be7 39. b4 Ke6) 39. b4 Bc7 40. Kb3 Ke6 41. Rc6+ Kxe5 {[#]} 42. a5 $1 {[%mdl 512]} Kd5 (42... Bxa5 43. Rc5+) 43. Ra6 Bf4 $2 (43... Bg3 44. c4+ Kd4) 44. c4+ Kd4 {intending ...Re7.} 45. Re6 Bd2 (45... Rf7 $142 46. Re1 Ra7 47. Rd1+ Ke4) 46. Rd6+ Ke3 {[#]} 47. Rxd2 $1 {[%mdl 512]} Kxd2 {[#] KR-KP} 48. a6 $2 (48. b5 $1 $18 Ke3 49. a6) 48... Ra7 $1 $11 {[%cal Ra7a6] The position is equal.} 49. b5 Kd3 50. c5 {Black must now prevent b6.} Kd4 51. b6 Rxa6 52. b7 Kxc5 {( -> ...Rb6+)} 53. b8=Q Rb6+ 54. Qxb6+ $1 Kxb6 {Accuracy: White = 66%, Black = 55%.} 1/2-1/2

[Event "Summer Chess Classic-B 2019"]
[Site "Saint Louis"]
[Date "2019.06.18"]
[Round "1.2"]
[White "Oparin, Grigoriy"]
[Black "Gabuzyan, Hovhannes"]
[Result "1/2-1/2"]
[WhiteElo "2644"]
[BlackElo "2619"]
[Annotator "TA"]
[PlyCount "153"]
[EventDate "2019.06.18"]
[EventType "tourn"]
[EventCountry "USA"]
[SourceTitle "playchess.com"]
[Source "ChessBase"]
[SourceQuality "1"]

{[%evp 9,153,8,17,0,6,0,13,-2,0,0,0,-12,-13,-20,-15,-21,0,0,0,-10,46,56,51,55,42,50,52,56,87,83,87,83,83,81,86,78,86,54,80,71,80,77,79,74,71,84,72,56,71,37,39,34,51,48,54,35,35,14,45,29,51,40,56,50,55,0,58,56,58,58,58,58,75,75,158,143,143,143,143,143,153,72,72,75,68,72,90,42,103,87,114,114,114,107,114,114,114,114,114,112,114,114,114,114,114,114,114,114,114,114,114,114,114,114,114,114,114,114,114,114,114,114,114,114,114,114,114,114,114,107,107,107,107,107,107,96,96,0,0,0,0,0,0,0,0,0]} 1. d4 Nf6 2. Nf3 e6 3. g3 b5 4. Bg5 Bb7 (4... c5 5. d5 Qa5+ 6. Bd2 Qb6 7. dxe6 fxe6 8. a4 b4 9. a5 Qd8 10. Bg2 Nc6 11. Ne5 Nxe5 12. Bxa8 {½-½ (32) Ding,L (2813)-Carlsen,M (2835) Wijk aan Zee 2019}) 5. Nbd2 Be7 6. Bg2 {A46: 1 d4 Nf6 2 Nf3 e6: Torre, London and Colle Systems} c5 7. dxc5 Na6 8. c4 $146 ({Predecessor:} 8. e4 h6 9. Be3 O-O 10. e5 Nd5 11. Bd4 Nxc5 {½-½ (62) Kaliev,K (2222)-Walczak,T (2153) ICCF email 2016}) 8... b4 9. Nb3 Rc8 10. Rc1 Nxc5 11. O-O O-O 12. Nxc5 Rxc5 13. Be3 Ra5 14. Qb3 Ne4 {[#]} ({Black should try} 14... Bc6 $11) 15. a3 $1 $14 {[%cal Ba2a3,Ba3b4][%mdl 544]} Nc5 $1 {[%cal Rc5b3]} (15... bxa3 16. Qxb7) 16. Bxc5 Bxc5 17. axb4 Qb6 18. b5 a6 {[#]} 19. Qc3 $1 {Strongly threatening b4.} Bxf3 20. Bxf3 {And now b4 would win.} Ra4 21. e3 axb5 22. cxb5 Be7 23. Qd3 Rd8 24. Rc2 Bf6 25. b3 Ra5 {[#]} 26. Be2 $1 g6 27. Rfc1 Kg7 28. Qc4 Ra7 29. b4 h5 30. h4 Qb8 31. Qd3 Be5 32. Kg2 Ra4 33. Qb3 Ra7 34. Rc5 Bf6 35. Qd3 Be7 36. Qd4+ Bf6 37. Qd3 Be7 38. Rc8 $36 {[%mdl 2048] White has good play.} Rxc8 39. Rxc8 Qxc8 40. Qd4+ {[%mdl 64] Double Attack} Bf6 41. Qxa7 d5 (41... Qc2 $142) 42. b6 $16 {Black must now prevent b7.} Be5 43. Qe7 Qf8 44. Qc5 Bd6 45. Qd4+ (45. Qc3+ $142 Kh7 46. b7) 45... Kg8 46. g4 hxg4 47. Qxg4 Qg7 48. b7 Qe5 ({Better is} 48... f5 $14 49. Qg5 Qxb7) 49. Bf3 Kg7 50. Qg3 Bb8 51. b5 {[%cal Bb4b5,Bb5b6][%mdl 32]} Qc7 52. Qxc7 Bxc7 {[%mdl 4096] Endgame KB-KB} 53. b6 Bb8 54. Be2 Kf6 55. Bb5 Ke7 56. Kf3 Kf6 57. Ke2 Ke7 58. Kd3 Be5 59. Kc2 Bb8 60. Kb3 Bd6 61. Ka4 Bb8 62. Bd3 Kd6 63. Kb5 Kd7 64. Bc2 Kd6 65. Ba4 Kd7 66. Kc5+ Kd8 67. Kc6 Ke7 68. Bd1 Kd8 69. h5 gxh5 70. Bxh5 f5 71. Bg6 Ke7 72. Bh7 Kd8 73. Bxf5 (73. f4 $16) 73... exf5 $11 {The position is equal.} 74. Kxd5 Kd7 75. f4 Bd6 76. e4 fxe4 77. Kxe4 {Accuracy: White = 60%, Black = 59%.} 1/2-1/2

[Event "Summer Chess Classic-B 2019"]
[Site "Saint Louis"]
[Date "2019.06.18"]
[Round "1.3"]
[White "Ganguly, Surya Shekhar"]
[Black "Kovalenko, Igor"]
[Result "1-0"]
[WhiteElo "2642"]
[BlackElo "2651"]
[Annotator "TA"]
[PlyCount "97"]
[EventDate "2019.06.18"]
[EventType "tourn"]
[EventCountry "USA"]
[SourceTitle "playchess.com"]
[Source "ChessBase"]
[SourceQuality "1"]

{[%evp 24,97,24,25,25,25,25,25,25,21,28,28,26,25,23,22,36,20,27,19,37,0,0,-7,0,-6,0,0,0,-15,0,-8,-25,-16,0,15,63,0,71,33,51,49,50,28,106,88,82,91,194,206,206,206,197,137,427,407,810,810,629,606,5402,672,670,670,669,272,660,641,1006,1006,886,880,835,820,705,563]} 1. e4 c6 2. d4 d5 3. exd5 cxd5 4. Bd3 Nc6 5. c3 Nf6 6. Bf4 Bg4 7. Qb3 Qd7 8. Nd2 e6 9. Ngf3 Bd6 10. Bxd6 Qxd6 11. O-O O-O 12. Rfe1 Bxf3 13. Nxf3 Rab8 {[#] B13: Caro-Kann: Exchange Variation and Panov-Botvinnik Attack} 14. Qd1 $146 ({Predecessor:} 14. a4 a6 15. Ne5 Qc7 16. Qc2 b5 17. f4 g6 18. Re3 Qb6 19. axb5 axb5 20. Rh3 Nxe5 21. fxe5 {½-½ (52) Ganguly,S (2633)-Megaranto,S (2526) Sharjah 2019}) 14... Qf4 15. Qe2 a6 {White has an edge.} 16. a3 Nd7 17. Qc2 g6 18. Re3 Rfe8 19. Rae1 b5 20. g3 Qf6 21. Qe2 Nb6 22. b4 Rbc8 23. h4 Re7 24. Nh2 Qg7 25. h5 Nd8 26. Qd2 Rec7 27. hxg6 hxg6 28. Rc1 Qh8 29. Kg2 Qg7 30. Ng4 ({Better is} 30. Ree1 $14) 30... Nd7 (30... f5 $1 $11 31. Ne5 Nf7) 31. a4 bxa4 32. Bxa6 Ra8 33. b5 Nb8 (33... Nb6 $11 {remains equal.}) 34. Ra1 (34. Qe2 {keeps more tension.} Nd7 35. Rh1 Nb6 36. Qe1 Nc4 37. Re2) 34... Nxa6 35. Rxa4 {[%mdl 64] Pin} Rca7 (35... f5 $16) 36. bxa6 Rxa6 37. Rxa6 Rxa6 38. Re1 (38. Qb2 $18) 38... g5 $2 {[%mdl 8192]} (38... f5 $16) 39. Qb2 $18 Ra8 (39... f5 $142) 40. Qb5 Qf8 41. Rh1 Qe7 {[#]} 42. Ne5 (42. Nf6+ $142 $1 {[%mdl 512]} Kg7 (42... Qxf6 43. Qe8+) 43. Ne8+ Kg6 44. Rh8) 42... Ra7 43. Qb1 {Qh7+ would kill now.} Qf6 44. Qh7+ Kf8 {If Black can now play ...Rb7 this consolidates a bit.} 45. Rh6 {White is clearly winning.} Qg7 {[#]} 46. Qh8+ $1 Qxh8 47. Rxh8+ Ke7 {[#]} 48. Rxd8 $1 {[%mdl 512]} Rc7 (48... Kxd8 49. Nc6+) 49. Rg8 {Accuracy: White = 78%, Black = 36%.} 1-0

[Event "Summer Chess Classic-B 2019"]
[Site "Saint Louis"]
[Date "2019.06.19"]
[Round "2.1"]
[White "Fridman, Daniel"]
[Black "Kovalenko, Igor"]
[Result "1/2-1/2"]
[WhiteElo "2644"]
[BlackElo "2651"]
[Annotator "ChessBase"]
[PlyCount "61"]
[EventDate "2019.06.18"]
[EventType "tourn"]
[EventCountry "USA"]
[SourceTitle "playchess.com"]
[Source "ChessBase"]
[SourceQuality "1"]
[TimeControl "40/5400+30:1800+30"]

1. d4 {[%emt 0:01:22]} Nf6 {[%emt 0:00:28]} 2. Nf3 {[%emt 0:00:13]} d5 {[%emt 0:00:29]} 3. c4 {[%emt 0:00:07]} e6 {[%emt 0:00:03]} 4. g3 {[%emt 0:00:21]} Bb4+ {[%emt 0:00:04]} 5. Bd2 {[%emt 0:00:06]} Be7 {[%emt 0:00:04]} 6. Bg2 {[%emt 0:00:07]} O-O {[%emt 0:00:04]} 7. O-O {[%emt 0:00:15]} Nbd7 {[%emt 0:01:14]} 8. Qc2 {[%emt 0:00:26]} c6 {[%emt 0:00:04]} 9. Rd1 {[%emt 0:01:44]} b6 {[%emt 0:03:53]} 10. Bf4 {[%emt 0:01:25]} Ba6 {[%emt 0:01:16]} 11. Ne5 {[%emt 0:01:55]} Rc8 {[%emt 0:22:08]} 12. cxd5 {[%emt 0:02:31]} cxd5 {[%emt 0:00:05]} 13. Nc6 {[%emt 0:00:24]} Qe8 {[%emt 0:00:52]} 14. Nxe7+ {[%emt 0:02:04]} Qxe7 {[%emt 0:00:05]} 15. Nc3 {[%emt 0:00:07]} Bb7 {[%emt 0:01:50]} 16. Rac1 {[%emt 0:01:50]} a6 {[%emt 0:02:00]} 17. Qd3 {[%emt 0:02:04]} Rc6 {[%emt 0:01:37]} 18. Nb1 {[%emt 0:04:59]} Rfc8 {[%emt 0:00:17]} 19. Rxc6 {[%emt 0:00:12]} Rxc6 {[%emt 0:00:03]} 20. Qa3 {[%emt 0:09:03]} Qxa3 {[%emt 0:04:40]} 21. Nxa3 {[%emt 0:00:09]} a5 {[%emt 0:00:02]} 22. Rc1 {[%emt 0:01:17]} Rxc1+ {[%emt 0:00:41]} 23. Bxc1 {[%emt 0:00:07]} Ba6 {[%emt 0:00:02]} 24. Bf1 {[%emt 0:00:44]} Ne4 {[%emt 0:01:34]} 25. f3 {[%emt 0:03:03]} Nd6 {[%emt 0:00:03]} 26. Bf4 {[%emt 0:00:24]} Ne8 {[%emt 0:01:37]} 27. Bd2 {[%emt 0:01:13]} Nb8 {[%emt 0:00:38]} 28. e3 {[%emt 0:00:25]} Bxf1 {[%emt 0:00:31]} 29. Kxf1 {[%emt 0:00:06]} Nd6 {[%emt 0:00:02]} 30. Ke2 {[%emt 0:01:23]} Nc6 {[%emt 0:00:05]} 31. Nc2 {[%emt 0:00:24]} 1/2-1/2

[Event "Summer Chess Classic-B 2019"]
[Site "Saint Louis"]
[Date "2019.06.19"]
[Round "2.2"]
[White "Gabuzyan, Hovhannes"]
[Black "Ganguly, Surya Shekhar"]
[Result "0-1"]
[WhiteElo "2619"]
[BlackElo "2642"]
[Annotator "TA"]
[PlyCount "108"]
[EventDate "2019.06.18"]
[EventType "tourn"]
[EventCountry "USA"]
[SourceTitle "playchess.com"]
[Source "ChessBase"]
[SourceQuality "1"]

{[%evp 13,108,-23,-14,0,0,0,35,8,15,-9,-9,-32,-42,-42,-39,-100,-108,-115,-25,-26,-25,-11,0,-67,-47,-43,-16,-95,-95,-107,-100,-102,-87,-97,-82,-141,-152,-138,-159,-173,-145,-142,-133,-170,-157,-136,-133,-134,-95,-94,-87,-180,-175,-177,-181,-199,-197,-211,-216,-218,-210,-231,-230,-224,-208,-280,-266,-281,-283,-259,-239,-339,-197,-370,-331,-642,-639,-622,-610,-589,-566,-948,-944,-1147,-1147,-1147,-1114,-1061,-1061,-1948,-1644,-5600,-1686,-29971,-29972,-5106,-4970]} 1. c4 Nf6 2. Nc3 e6 3. d4 Bb4 4. Qc2 O-O 5. Bg5 c5 6. dxc5 h6 7. Bh4 Na6 {[%cal Bb8a6,Ba6c5,Bc5e4][%mdl 32]} 8. e3 {E32: Nimzo-Indian: Classical (4 Qc2): 4...0-0} Nxc5 9. Nge2 Nce4 10. a3 {White is slightly better.} Qa5 11. Bxf6 $146 ({Predecessor:} 11. Rc1 Bxc3+ 12. Nxc3 Nxc3 13. Qxc3 Qxc3+ 14. Rxc3 g5 15. Bg3 Ne4 {1-0 (59) Dao,T (2583)-Yu,S (2476) Bangkok 2004}) 11... Nxf6 12. O-O-O Be7 13. Nd4 a6 14. g4 ({Better is} 14. e4 $15) 14... b5 $1 $17 15. Rg1 b4 (15... bxc4 $17 {Hoping for ...Rb8.} 16. f4 Bb7) 16. axb4 Bxb4 17. Nb3 Qe5 18. Na2 (18. h4 $11) 18... Be7 $15 ({Much worse is} 18... Qxh2 $6 19. Bd3 $14) 19. h4 Ne8 20. Nd4 (20. Nc3 $11 {keeps the balance.}) 20... Bb7 $17 21. g5 h5 22. Bd3 g6 23. Nc3 Ng7 24. Nde2 (24. Rde1 $142) 24... Rab8 $1 25. Nf4 {With the idea Bxg6.} Qa5 26. Kd2 Bf3 27. Ra1 Qb6 28. Ra2 Bd6 29. Nfe2 Be5 30. Rga1 Rfc8 31. Rxa6 Qxb2 32. Nd4 {[#]} (32. Qxb2 $17 {was called for.} Rxb2+ 33. Kc1 Bxc3 34. Nxc3 Rxf2 35. e4) 32... Nf5 $1 $19 {[%cal Rf5d4]} 33. Bxf5 gxf5 ({Don't do} 33... exf5 34. Rb1 $15) 34. R6a2 Qxc2+ 35. Rxc2 Bxd4 $1 36. exd4 Rxc4 37. Ra4 Rxa4 38. Nxa4 {[%mdl 4096] Endgame KRB-KRN} Rb4 39. Rc8+ Kg7 40. Nc5 {[#]} Bc6 $1 41. Ke3 {[#]} f4+ $1 {[%mdl 512]} 42. Kd3 (42. Kxf4 $142 Rxd4+ 43. Ke3 Rxh4 44. Rc7) 42... Rb2 (42... Bb5+ $142 43. Kc2 Rc4+ 44. Kb3 Rxd4) 43. d5 $2 (43. Rd8) 43... exd5 44. Rd8 $2 (44. f3 Rf2 45. Rd8) 44... Rxf2 45. Nxd7 {White wants to play Nf6!} Bb5+ 46. Kd4 {intending Nf6!} Rd2+ 47. Kc3 Rd3+ 48. Kc2 f3 {And now ...f2 would win.} 49. Nf6 Kg6 {White must now prevent ...f2.} 50. Rd6 Kf5 51. Nxh5 Kg4 52. g6 fxg6 53. Ng7 f2 54. Rxg6+ Kh3 {Accuracy: White = 48%, Black = 79%.} 0-1

[Event "Summer Chess Classic-B 2019"]
[Site "Saint Louis"]
[Date "2019.06.19"]
[Round "2.3"]
[White "Sevian, Samuel"]
[Black "Oparin, Grigoriy"]
[Result "1/2-1/2"]
[WhiteElo "2677"]
[BlackElo "2644"]
[Annotator "TA"]
[PlyCount "66"]
[EventDate "2019.06.18"]
[EventType "tourn"]
[EventCountry "USA"]
[SourceTitle "playchess.com"]
[Source "ChessBase"]
[SourceQuality "1"]

{[%evp 30,66,25,25,20,20,24,21,18,25,24,19,19,19,26,23,24,23,23,25,25,22,54,8,13,0,0,0,0,0,0,0,0,0,0,0,0,0,0]} 1. e4 e5 2. Nf3 Nc6 3. Bb5 a6 4. Ba4 Nf6 5. O-O Be7 6. Re1 b5 7. Bb3 d6 8. c3 O-O 9. h3 Nb8 10. d4 Nbd7 11. Bc2 Bb7 12. Nbd2 Re8 13. Nf1 Bf8 14. Ng3 g6 15. a4 Bg7 16. Bd3 exd4 {C95: Closed Ruy Lopez: Breyer Variation with 10 d4} 17. cxd4 c5 18. axb5 axb5 19. Rxa8 Bxa8 {[#]} 20. Bxb5 $146 {Strongly threatening dxc5.} ({Predecessor:} 20. dxc5 Nxc5 21. Bxb5 Rf8 22. e5 dxe5 23. Qxd8 Rxd8 24. Nxe5 {½-½ (39) Hou,Y (2658)-Vitiugov,N (2734) Belokurikha 2018}) 20... cxd4 21. Nxd4 Nxe4 22. Nxe4 Rxe4 23. Rxe4 Bxe4 24. Bf1 Bb7 25. b4 Nf6 26. Nb5 Nd5 {The position is equal.} 27. Bc4 Qe7 28. Bxd5 Bxd5 29. Qxd5 Qe1+ {[%mdl 64] [#] Double Attack} 30. Kh2 Qxc1 31. Nxd6 Qf4+ {[%mdl 64] Double Attack} 32. Kg1 $1 {g3 is the strong threat.} Qc1+ 33. Kh2 Qf4+ {[%mdl 64] Double Attack. Accuracy: White = 80%, Black = 86%.} 1/2-1/2

[Event "Summer Chess Classic-B 2019"]
[Site "Saint Louis"]
[Date "2019.06.20"]
[Round "3.1"]
[White "Oparin, Grigoriy"]
[Black "Fridman, Daniel"]
[Result "1-0"]
[WhiteElo "2644"]
[BlackElo "2644"]
[Annotator "TA"]
[PlyCount "165"]
[EventDate "2019.06.18"]
[EventType "tourn"]
[EventCountry "USA"]
[SourceTitle "playchess.com"]
[Source "ChessBase"]
[SourceQuality "1"]

{[%evp 19,164,7,25,0,41,45,50,42,51,41,58,65,52,59,62,25,39,33,60,62,61,73,66,70,62,50,42,9,22,12,22,22,22,22,22,22,22,22,102,102,102,102,102,102,102,102,102,102,102,102,102,102,102,102,102,14,14,0,102,102,103,103,103,103,102,88,103,103,121,104,121,121,121,121,121,8,8,0,121,0,8,0,103,103,121,103,121,121,121,121,121,121,121,103,103,20,150,150,150,150,164,164,164,164,164,158,635,558,11827,9961,29974,29967,29965,29968,1882,82,82,82,82,83,29972,29973,29973,29974,29974,29975,29978,29980,29981,29981,29981,29982,29982,29983,29983,29984,29984,29985,29985,29986,29989,29990,29996,29997,29997,29998,29999]} 1. Nf3 d5 2. g3 Nf6 3. Bg2 e6 4. O-O c5 5. d4 Nc6 6. c4 dxc4 7. Qa4 Bd7 8. Qxc4 b5 9. Qd3 c4 10. Qd1 Rc8 11. Ne5 {E04: Open Catalan: 5 Nf3} Bd6 12. a4 $146 ({Predecessor:} 12. Nxd7 Qxd7 13. Nc3 a6 14. Bg5 Be7 15. e3 O-O 16. Qe2 Rfd8 17. Rfd1 Nd5 18. Bxe7 Qxe7 {½-½ (55) Fedoseev,V (2718)-Yu,Y (2751) Riadh 2017}) 12... Nxe5 13. dxe5 {White is slightly better.} Bxe5 {And now ...b4 would win.} 14. axb5 Qb6 15. Nc3 Bxc3 16. bxc3 O-O 17. Bg5 {Black must now prevent Bxf6.} Bxb5 18. Be3 Qd8 19. Rxa7 Bc6 20. Qxd8 Rfxd8 21. Bxc6 Rxc6 22. Bg5 Rb6 23. Rc7 Rb2 24. e3 h6 25. Bxf6 $1 gxf6 26. Rxc4 $11 {[%mdl 4096] Endgame KRR-KRR} Rc2 27. Ra1 f5 28. g4 Rdd2 (28... Rd5 $1 $11) 29. Rf4 $16 Rxc3 30. gxf5 exf5 31. Rxf5 Rdc2 32. Raa5 Kg7 33. h4 Rc4 34. Kg2 Rg4+ 35. Kf3 Rg6 36. Ra4 Rc7 37. Kf4 (37. Rd4 $16) 37... Rc2 $11 38. Kf3 (38. Ke4 $11) 38... Rc7 $1 $16 39. Ra3 (39. Raf4 {with more complications.} Rg1 40. Ra5 Rg6 41. h5 Rgc6 42. Rff5) 39... Rf6 40. Rxf6 Kxf6 {KR-KR} 41. e4 Rc2 42. Kg3 Kg7 43. f3 Rc1 44. Ra7 Rg1+ 45. Kf4 Rh1 46. Kg4 Rg1+ 47. Kf5 (47. Kh5 $1 $16) 47... Rh1 $11 48. Kg4 ({White should play} 48. Ra2 $11) 48... Rg1+ $1 $16 49. Kf4 (49. Kh5 $1 $16) 49... Rh1 $11 50. Kg3 (50. e5 $11) 50... Rg1+ $1 $16 51. Kh2 $1 {[%cal Rh2g1]} Re1 52. Kg2 Re2+ 53. Kg3 Re1 54. Ra2 Kf6 55. Rg2 Rh1 56. Kg4 Kg6 57. e5 (57. Kf4+ $16 Kf6 58. Kg3) 57... Kg7 (57... h5+ $11 {keeps the balance.} 58. Kf4+ Kh6) 58. f4 Rf1 59. f5 Kf8 60. Ra2 Re1 61. f6 $1 {[%cal Ra2a8]} Kg8 62. Kf5 Rf1+ $2 (62... Rh1 $16 63. Rg2+ Kf8) 63. Ke4 $18 Rh1 64. Kd5 $1 {[%cal Rd5d6]} h5 65. Kd6 Rb1 66. Ra8+ Kh7 67. e6 $2 (67. Rd8 $1 $18 {Threatens to win with Ke7.} Rb5 68. Rf8) 67... Rb6+ $16 68. Ke7 Rxe6+ 69. Kxf7 Re4 $2 {[%mdl 8192]} (69... Rb6 $16) 70. Kf8 {White mates.} Rxh4 71. f7 Re4 72. Re8 $1 Rf4 73. Ke7 Kh6 74. f8=Q+ Rxf8 75. Rxf8 {KR-KP} ({And not} 75. Kxf8 Kg5 $11) 75... Kg5 76. Ke6 Kg4 77. Ke5 h4 {[#]} 78. Ke4 $1 Kg3 79. Ke3 h3 {[#]} 80. Rg8+ $1 Kh2 81. Kf2 Kh1 82. Re8 h2 83. Re1# {Accuracy: White = 51%, Black = 55%.} 1-0

[Event "Summer Chess Classic-B 2019"]
[Site "Saint Louis"]
[Date "2019.06.20"]
[Round "3.2"]
[White "Ganguly, Surya Shekhar"]
[Black "Sevian, Samuel"]
[Result "1/2-1/2"]
[WhiteElo "2642"]
[BlackElo "2677"]
[Annotator "TA"]
[PlyCount "120"]
[EventDate "2019.06.18"]
[EventType "tourn"]
[EventCountry "USA"]
[SourceTitle "playchess.com"]
[Source "ChessBase"]
[SourceQuality "1"]

{[%evp 10,120,0,2,29,35,22,23,35,25,25,32,26,35,51,30,27,27,37,30,31,38,31,41,32,20,20,21,31,31,32,32,32,29,35,35,57,56,60,62,58,58,62,56,57,56,62,58,68,68,68,68,73,30,39,30,34,0,28,40,54,48,49,85,58,96,89,89,272,269,274,226,351,366,335,256,256,256,203,252,202,199,208,90,222,52,49,0,8,8,8,8,8,0,0,0,0,0,0,0,0,0,0,0,0,0,0,0,0,0,0,0,0]} 1. c4 e5 2. g3 Nf6 3. Bg2 d5 4. cxd5 Nxd5 5. Nf3 Nc6 6. O-O Nf6 {A20: English Opening: 1...e5} (6... Nb6 7. b3 Be7 8. Bb2 f6 9. d3 O-O 10. Nbd2 Be6 11. Rc1 Qd7 12. Ne4 Rad8 13. Qc2 Nd5 14. Rfd1 a5 15. a3 Kh8 16. d4 f5 17. Nc5 Bxc5 18. Qxc5 e4 19. Ne5 Nxe5 20. dxe5 b6 {½-½ (67) Le,Q (2714)-Giri,A (2783) St Petersburg 2018}) 7. d3 Bd6 $146 ({Predecessor:} 7... Bc5 8. Nc3 O-O 9. Na4 Bd6 10. Be3 h6 11. Rc1 Re8 12. Nc5 Rb8 13. Qa4 a5 14. Nd2 b5 15. Qh4 Ne7 16. Nde4 Nxe4 17. Nxe4 {1-0 (67) Zwardon,V (2399)-Kolar,S (2057) Karvina 2014}) 8. Nbd2 O-O {White has an edge.} 9. b3 Re8 10. Bb2 Bf5 11. Nc4 Qd7 12. d4 {[%cal Rd4e5]} (12. b4 $5) 12... e4 13. Nfe5 Bxe5 14. dxe5 Nd5 15. Nd6 cxd6 16. Qxd5 {[%mdl 64] Double Attack} Nxe5 17. Bxe4 Bxe4 18. Qxe4 Nc6 19. Qf3 Qe6 20. e3 d5 21. Rfd1 Rad8 22. Rd2 Qe4 23. Kg2 Qxf3+ 24. Kxf3 Rd7 25. Rad1 Red8 26. g4 f6 27. h4 Kf7 28. h5 Ke6 29. Kf4 Ne5 30. Bd4 Nc6 31. Bc5 g6 32. hxg6 hxg6 33. Rh1 g5+ 34. Kg3 b6 35. Ba3 d4 {Threatening ...dxe3.} 36. Rc2 Ne5 {Black wants to play ...dxe3.} 37. f4 Nd3 38. f5+ $1 Kd5 $2 (38... Ke5 $16) 39. Rd1 $18 Ke4 40. exd4 {Re2+ is the strong threat.} Nf4 {[#]} (40... Ke3 {might work better.} 41. Rc3 Rxd4) 41. d5 $1 {[%mdl 512]} Rxd5 42. Rc4+ Ke3 43. Bc1+ $1 Ke2 44. Rxd5 Nxd5 {[%mdl 4096] Endgame [#] KRB-KRN} 45. Rd4 $1 Rd7 {[#]} 46. a4 (46. Rd2+ $1 $18 {and the rest is easy.} Ke1 47. Kf3) 46... b5 (46... a5 $16 {is a better defense.} 47. Rd2+ Ke1) 47. axb5 $2 ({White has to play} 47. Rd2+ $18 Ke1 48. axb5) 47... Nb6 $1 $14 48. Rxd7 (48. Re4+ {looks sharper.} Kf1 49. Kf3 Rh7 50. Rd4 Rh3+ 51. Ke4) 48... Nxd7 {KB-KN. The position is equal.} 49. Bb2 {Strongly threatening Bd4.} Ke3 50. Ba3 Kd3 51. Bb2 {Threatens to win with Kf3.} Ke3 52. b4 Ke4 53. Bc3 Kd3 54. Be1 Kc4 55. Bf2 Kxb5 {aiming for ...a6.} 56. Bxa7 Kxb4 57. Bd4 Kc4 58. Bb2 Kd5 59. Kf3 Ne5+ 60. Bxe5 Kxe5 {Accuracy: White = 68%, Black = 58%.} 1/2-1/2